<?xml version="1.0" encoding="UTF-8"?>
<record
    xmlns:xsi="http://www.w3.org/2001/XMLSchema-instance"
    xsi:schemaLocation="http://www.loc.gov/MARC21/slim http://www.loc.gov/standards/marcxml/schema/MARC21slim.xsd"
    xmlns="http://www.loc.gov/MARC21/slim">

  <leader>01231nam a22002777a 4500</leader>
  <controlfield tag="003">DO-SdBNP</controlfield>
  <controlfield tag="005">20250611073818.0</controlfield>
  <controlfield tag="008">210219b 2020  dr a  00| 0 eng d</controlfield>
  <datafield tag="020" ind1=" " ind2=" ">
    <subfield code="a">9789945621334</subfield>
  </datafield>
  <datafield tag="040" ind1=" " ind2=" ">
    <subfield code="a">DO-SdBNP</subfield>
    <subfield code="b">spa</subfield>
    <subfield code="c">BNPHU</subfield>
  </datafield>
  <datafield tag="082" ind1=" " ind2="4">
    <subfield code="a">362.19669</subfield>
    <subfield code="b">R426p</subfield>
    <subfield code="2">22</subfield>
  </datafield>
  <datafield tag="110" ind1="1" ind2=" ">
    <subfield code="a">Rep&#xFA;blica Dominicana.</subfield>
    <subfield code="b">Ministerio de Salud P&#xFA;blica</subfield>
    <subfield code="9">80830</subfield>
  </datafield>
  <datafield tag="245" ind1="1" ind2="0">
    <subfield code="a">Pol&#xED;tica nacional de salud sexual y salud reproductiva  /</subfield>
    <subfield code="c">coordinaci&#xF3;n general Dr. Jos&#xE9; Mordan, Dr. Juan Carlos de Jes&#xFA;s ; coordinaci&#xF3;n t&#xE9;cnica y edici&#xF3;n Indiana Barinas. </subfield>
  </datafield>
  <datafield tag="260" ind1=" " ind2=" ">
    <subfield code="a">Santo Domingo :</subfield>
    <subfield code="b">Ministerio de Salud P&#xFA;blica,</subfield>
    <subfield code="b">Alianza Nacional para Acelerar la Reproducci&#xF3;n de la Mortalidad Materno Infantil,  </subfield>
    <subfield code="c">2020.</subfield>
  </datafield>
  <datafield tag="300" ind1=" " ind2=" ">
    <subfield code="a">58 p. ; </subfield>
    <subfield code="c">26 cm. </subfield>
  </datafield>
  <datafield tag="504" ind1=" " ind2=" ">
    <subfield code="a">Bibliograf&#xED;a : p. 53-58</subfield>
  </datafield>
  <datafield tag="590" ind1=" " ind2=" ">
    <subfield code="a">Inventariado, 2021 /LP
</subfield>
  </datafield>
  <datafield tag="650" ind1=" " ind2="0">
    <subfield code="a">Pol&#xED;tica sanitaria</subfield>
    <subfield code="z">Rep&#xFA;blica Dominicana  </subfield>
    <subfield code="9">1344</subfield>
  </datafield>
  <datafield tag="650" ind1=" " ind2="4">
    <subfield code="a">Salud reproductiva </subfield>
    <subfield code="9">78238</subfield>
  </datafield>
  <datafield tag="650" ind1=" " ind2="4">
    <subfield code="a">Servicios de salud</subfield>
    <subfield code="z">Rep&#xFA;blica Dominicana</subfield>
    <subfield code="9">20952</subfield>
  </datafield>
  <datafield tag="700" ind1="1" ind2=" ">
    <subfield code="a">Mordan, Jos&#xE9;,</subfield>
    <subfield code="e">coordinaci&#xF3;n</subfield>
    <subfield code="9">77862</subfield>
  </datafield>
  <datafield tag="700" ind1="1" ind2=" ">
    <subfield code="a">Jes&#xFA;s, Juan Carlos de, </subfield>
    <subfield code="e">coord.</subfield>
    <subfield code="9">77863</subfield>
  </datafield>
  <datafield tag="700" ind1="1" ind2=" ">
    <subfield code="a">Barinas, Indiana,</subfield>
    <subfield code="e">coordinaci&#xF3;n t&#xE9;cnica y edici&#xF3;n</subfield>
    <subfield code="9">71150</subfield>
  </datafield>
  <datafield tag="910" ind1=" " ind2=" ">
    <subfield code="a">Validado. Control de calidad MFF</subfield>
  </datafield>
  <datafield tag="942" ind1=" " ind2=" ">
    <subfield code="2">ddc</subfield>
    <subfield code="c">LBS1</subfield>
  </datafield>
  <datafield tag="952" ind1=" " ind2=" ">
    <subfield code="0">0</subfield>
    <subfield code="1">0</subfield>
    <subfield code="2">ddc</subfield>
    <subfield code="5">1</subfield>
    <subfield code="7">1</subfield>
    <subfield code="8">PD</subfield>
    <subfield code="a">BNPHU</subfield>
    <subfield code="b">PD</subfield>
    <subfield code="c">HD</subfield>
    <subfield code="d">2021-02-19</subfield>
    <subfield code="e">Ministerio de Salud P&#xFA;blica</subfield>
    <subfield code="l">0</subfield>
    <subfield code="o">BNPHU PD 362.19669 R426p</subfield>
    <subfield code="p">2021-0316</subfield>
    <subfield code="r">2021-02-19</subfield>
    <subfield code="w">2021-02-19</subfield>
    <subfield code="y">LFPD</subfield>
  </datafield>
  <datafield tag="952" ind1=" " ind2=" ">
    <subfield code="0">0</subfield>
    <subfield code="1">0</subfield>
    <subfield code="2">ddc</subfield>
    <subfield code="5">1</subfield>
    <subfield code="7">2</subfield>
    <subfield code="8">PD</subfield>
    <subfield code="a">BNPHU</subfield>
    <subfield code="b">PD</subfield>
    <subfield code="c">HD</subfield>
    <subfield code="d">2021-02-19</subfield>
    <subfield code="e">Ministerio de Salud P&#xFA;blica</subfield>
    <subfield code="l">0</subfield>
    <subfield code="o">BNPHU PD 362.19669 R426p</subfield>
    <subfield code="p">2021-0317</subfield>
    <subfield code="r">2021-02-19</subfield>
    <subfield code="t">e. 2</subfield>
    <subfield code="w">2021-02-19</subfield>
    <subfield code="y">LFPD</subfield>
  </datafield>
  <datafield tag="952" ind1=" " ind2=" ">
    <subfield code="0">0</subfield>
    <subfield code="1">0</subfield>
    <subfield code="2">ddc</subfield>
    <subfield code="5">6</subfield>
    <subfield code="7">0</subfield>
    <subfield code="8">DS</subfield>
    <subfield code="a">BNPHU</subfield>
    <subfield code="b">GR</subfield>
    <subfield code="c">HD</subfield>
    <subfield code="d">2021-02-19</subfield>
    <subfield code="e">Ministerio de Salud P&#xFA;blica</subfield>
    <subfield code="l">0</subfield>
    <subfield code="o">BNPHU DS 362.19669 R426p</subfield>
    <subfield code="p">2021-0318</subfield>
    <subfield code="r">2021-02-19</subfield>
    <subfield code="t">e. 3</subfield>
    <subfield code="w">2021-02-19</subfield>
    <subfield code="y">LFDS</subfield>
  </datafield>
  <datafield tag="999" ind1=" " ind2=" ">
    <subfield code="c">49416</subfield>
    <subfield code="d">49416</subfield>
  </datafield>
</record>
